Statistics for 当初から町制を施行している町(秋田県)

Click here to take the quiz!

General Stats

  • This quiz has been taken 36 times
  • The average score is 9 of 14

Answer Stats

% Correct
平鹿郡横手町
100%
北秋田郡大館町
100%
由利郡本荘町
100%
仙北郡角館町
97%
雄勝郡湯沢町
97%
鹿角郡花輪町
87%
由利郡矢島町
65%
南秋田郡土崎港町
52%
鹿角郡毛馬内町
45%
山本郡能代港町
45%
山本郡檜山町
23%
由利郡亀田町
23%
雄勝郡岩崎町
19%
北秋田郡十二所町
13%

Score Distribution

Percentile by Number Answered

Percent of People with Each Score

Your Score History

You have not taken this quiz